[Event "Cantabria-ch Seniors"]
[Site "Cantabria"]
[Date "2009.01.03"]
[Round "5"]
[White "Villate Montes, Juan Francisco"]
[Black "Teran Pereda, Luis"]
[Result "1/2-1/2"]
[WhiteElo "1701"]
[BlackElo "1927"]
[PlyCount "23"]
[EventDate "2008.12.26"]
[EventType "swiss"]
[EventCountry "ESP"]
[SourceTitle "EXT 2024"]
[Source "ChessBase"]
[SourceDate "2023.10.10"]
[SourceVersion "1"]
[SourceVersionDate "2023.10.10"]
[SourceQuality "1"]

1. b3 Nf6 2. Bb2 g6 3. c4 Bg7 4. g3 0-0 5. Bg2 c6 6. e3 d5 7. Ne2 dxc4 8. bxc4 Nbd7 9. d3 Nc5 10. d4 Nce4 11. 0-0 Nd6 12. Nd2 1/2-1/2

[Event "Cantabria-ch"]
[Site "Cantabria"]
[Date "2008.04.12"]
[Round "4"]
[White "Varona Poncela, Tomas"]
[Black "Villate Montes, Juan Francisco"]
[Result "1-0"]
[WhiteElo "2028"]
[BlackElo "1709"]
[PlyCount "67"]
[EventDate "2008.03.08"]
[EventType "swiss"]
[EventRounds "5"]
[EventCountry "ESP"]
[SourceTitle "EXT 2024"]
[Source "ChessBase"]
[SourceDate "2023.10.10"]
[SourceVersion "1"]
[SourceVersionDate "2023.10.10"]
[SourceQuality "1"]

1. e4 d5 2. exd5 Qxd5 3. Nc3 Qa5 4. d4 Nf6 5. Bd2 c6 6. Bd3 Qb6 7. Nge2 Bg4 8. f3 Bh5 9. Na4 Qd8 10. Nc5 b6 11. Ne4 e6 12. c3 Bg6 13. Bf4 Nxe4 14. fxe4 Be7 15. 0-0 0-0 16. Qd2 c5 17. Rad1 cxd4 18. cxd4 Nd7 19. Kh1 Nf6 20. Qe3 Nh5 21. Bc4 Rc8 22. Bb3 Nf6 23. Ng3 Qd7 24. d5 exd5 25. e5 Bc5 26. Qf3 Ne8 27. Bxd5 Qb5 28. b3 Nc7 29. Bc6 Qa5 30. Bd7 Rb8 31. e6 fxe6 32. Qc6 e5 33. Bxe5 Rxf1+ 34. Rxf1 1-0

[Event "Cantabria-ch"]
[Site "Cantabria"]
[Date "2008.03.15"]
[Round "2"]
[White "Martin Fuentes, Alberto"]
[Black "Villate Montes, Juan Francisco"]
[Result "1-0"]
[WhiteElo "2132"]
[BlackElo "1709"]
[PlyCount "75"]
[EventDate "2008.03.08"]
[EventType "swiss"]
[EventRounds "5"]
[EventCountry "ESP"]
[SourceTitle "EXT 2024"]
[Source "ChessBase"]
[SourceDate "2023.10.10"]
[SourceVersion "1"]
[SourceVersionDate "2023.10.10"]
[SourceQuality "1"]

1. e4 d5 2. exd5 Qxd5 3. Nc3 Qa5 4. d4 Nf6 5. Bd3 Bg4 6. f3 Bh5 7. Bd2 c6 8. Nge2 Bg6 9. Ne4 Qb6 10. c3 Nxe4 11. fxe4 Nd7 12. 0-0 e5 13. Be3 exd4 14. cxd4 Ne5 15. Nf4 Nxd3 16. Qxd3 Be7 17. Nxg6 hxg6 18. Rf2 Bh4 19. g3 Be7 20. Raf1 0-0 21. e5 Qd8 22. Qb3 Qd5 23. Qxb7 Qe6 24. Qa6 Qd5 25. Qb7 Qe6 26. Qa6 Qd5 27. Rc1 c5 28. Qc4 Qe4 29. Qc3 cxd4 30. Qxd4 Qxd4 31. Bxd4 Rfd8 32. Rc7 Bg5 33. Bxa7 Rxa7 34. Rxa7 Be3 35. Raxf7 Re8 36. Kg2 Bxf2 37. Rxf2 Rxe5 38. b4 1-0